000 00241nam a2200097Ia 4500
005 20251222114415.0
008 251222s1900||||xx |||||||||||||| ||spa||
082 _aDVD0092/V66/2003
245 0 _aUna flor de la campiña arequipeña:
942 _cDVD
999 _c2211
_d2211